[Event "FRA-ch U18"]
[Site "Aix les Bains"]
[Date "2009.04.22"]
[Round "5"]
[White "Massoni, Michael"]
[Black "Hoareau, William"]
[Result "1/2-1/2"]
[WhiteElo "2272"]
[BlackElo "2138"]
[PlyCount "83"]
[EventDate "2009.04.19"]
[EventType "swiss"]
[EventRounds "9"]
[EventCountry "FRA"]
[SourceTitle "CBM 130 Extra"]
[Source "ChessBase"]
[SourceDate "2009.07.02"]
[SourceVersion "2"]
[SourceVersionDate "2009.07.15"]
[SourceQuality "1"]

1. e4 c5 2. Nf3 Nc6 3. c3 d5 4. exd5 Qxd5 5. d4 Bg4 6. Be2 cxd4 7. cxd4 e6 8. Nc3 Bb4 9. 0-0 Bxc3 10. bxc3 Nge7 11. Qa4 0-0 12. Rd1 Rfd8 13. h3 Bf5 14. Bg5 Be4 15. Bh4 Qh5 16. Bg3 Nf5 17. Bf4 Nh4 18. Nd2 Qf5 19. Bg3 Bc2 20. Qa3 Bxd1 21. Rxd1 Ng6 22. Bf3 Rac8 23. Ne4 Qa5 24. Qb3 Nce7 25. Nc5 Rxc5 26. dxc5 Rxd1+ 27. Qxd1 h6 28. Bd6 Nc6 29. Qb3 Qa6 30. a4 Nh4 31. Bg4 Qd3 32. Bg3 Nf5 33. Qxb7 Nxg3 34. fxg3 Nd8 35. Qc8 Kh7 36. c6 Qd6 37. c7 Nc6 38. Qb7 Qc5+ 39. Kh2 Ne7 40. Bf3 Qxc3 41. Bc6 Nf5 42. c8Q 1/2-1/2

[Event "FRA-ch U18"]
[Site "Aix les Bains"]
[Date "2009.04.21"]
[Round "4"]
[White "Hoareau, William"]
[Black "Blum, Nicolas"]
[Result "1/2-1/2"]
[WhiteElo "2138"]
[BlackElo "2234"]
[PlyCount "63"]
[EventDate "2009.04.19"]
[EventType "swiss"]
[EventRounds "9"]
[EventCountry "FRA"]
[SourceTitle "CBM 130 Extra"]
[Source "ChessBase"]
[SourceDate "2009.07.02"]
[SourceVersion "2"]
[SourceVersionDate "2009.07.15"]
[SourceQuality "1"]

1. d4 Nf6 2. Nf3 e6 3. g3 b5 4. Bg2 Bb7 5. 0-0 c5 6. Nbd2 Na6 7. c3 Be7 8. Re1 d5 9. Ne5 0-0 10. a3 Qb6 11. e3 Nc7 12. g4 Rad8 13. b4 cxb4 14. cxb4 a5 15. Nd3 Na6 16. Rb1 Ne4 17. Qb3 axb4 18. axb4 f5 19. gxf5 Rxf5 20. f4 Kh8 21. Nc5 Nxd2 22. Bxd2 Nc7 23. e4 Rf6 24. e5 Rg6 25. Re3 Bc6 26. Rg3 Be8 27. Rxg6 Bxg6 28. Ra1 Qc6 29. Ra7 Ra8 30. Qa2 Rxa7 31. Qxa7 h6 32. Qb7 1/2-1/2

[Event "FRA-ch U18"]
[Site "Aix les Bains"]
[Date "2009.04.20"]
[Round "2"]
[White "Hoareau, William"]
[Black "Najart, David"]
[Result "1-0"]
[WhiteElo "2138"]
[BlackElo "1903"]
[PlyCount "45"]
[EventDate "2009.04.19"]
[EventType "swiss"]
[EventRounds "9"]
[EventCountry "FRA"]
[SourceTitle "CBM 130 Extra"]
[Source "ChessBase"]
[SourceDate "2009.07.02"]
[SourceVersion "2"]
[SourceVersionDate "2009.07.15"]
[SourceQuality "1"]

1. d4 Nf6 2. Nf3 g6 3. g3 Bg7 4. Bg2 0-0 5. 0-0 d6 6. b3 c6 7. Bb2 Nbd7 8. Re1 Qc7 9. e4 e5 10. c4 a6 11. Nc3 exd4 12. Nxd4 Nc5 13. b4 Ne6 14. Rc1 Re8 15. Nd5 Qd8 16. Nxe6 Rxe6 17. Nf4 Re8 18. Qd2 Qe7 19. Rcd1 Be6 20. Nxe6 Qxe6 21. Qxd6 Qxc4 22. Bxf6 Re6 23. Qd4 1-0

[Event "Reunion op 10th"]
[Site "St Denis"]
[Date "2008.10.15"]
[Round "5"]
[White "Roblet, Charles"]
[Black "Hoareau, William"]
[Result "0-1"]
[WhiteElo "2081"]
[BlackElo "2102"]
[PlyCount "116"]
[EventDate "2008.10.11"]
[EventType "swiss"]
[EventRounds "9"]
[EventCountry "RUF"]
[SourceTitle "EXT 2009"]
[Source "ChessBase"]
[SourceDate "2008.11.26"]
[SourceVersion "1"]
[SourceVersionDate "2008.11.26"]
[SourceQuality "1"]

1. e4 c5 2. d4 cxd4 3. c3 dxc3 4. Nxc3 Nc6 5. Nf3 d6 6. Bc4 a6 7. 0-0 Nf6 8. Bg5 e6 9. Qe2 Be7 10. Rfd1 Bd7 11. Bf4 b5 12. Bb3 Qb8 13. Rd2 0-0 14. Rad1 b4 15. Na4 e5 16. Be3 Nxe4 17. Rc2 Na5 18. Nb6 Bb5 19. Qe1 Nxb3 20. axb3 Ra7 21. Nd5 Rb7 22. Qxb4 Bd3 23. Nxe7+ Kh8 24. Qxb7 Qxb7 25. Rxd3 Qxe7 26. Nd2 Qb7 27. Nxe4 Qxe4 28. Rcd2 f5 29. f3 Qb4 30. Rxd6 h6 31. Rb6 Qh4 32. Bf2 Qf4 33. Re2 e4 34. Be3 Qh4 35. Rxa6 Rd8 36. Ra1 exf3 37. gxf3 Rd6 38. Rg2 f4 39. Bd2 Kh7 40. Bc3 g5 41. b4 Qh3 42. Rf2 Rd3 43. Raf1 g4 44. fxg4 f3 45. Re1 Qxg4+ 46. Kh1 Rd7 47. Rg1 Qe4 48. Re1 Qf5 49. Ref1 Rd3 50. Rg1 h5 51. Rg7+ Kh6 52. Rg1 h4 53. Bg7+ Kh5 54. Bc3 Qd5 55. Rgf1 Rd1 56. Kg1 Qg5+ 57. Kh1 Rxf1+ 58. Rxf1 Qg2# 0-1

[Event "FRA-ch U16"]
[Site "La Roche sur Yon"]
[Date "2008.04.27"]
[Round "9"]
[White "Hoareau, William"]
[Black "Buscara, Sevan"]
[Result "1-0"]
[WhiteElo "2065"]
[BlackElo "2146"]
[PlyCount "114"]
[EventDate "2008.04.21"]
[EventType "swiss"]
[EventRounds "9"]
[EventCountry "FRA"]
[SourceTitle "EXT 2010"]
[Source "ChessBase"]
[SourceDate "2010.11.25"]
[SourceVersion "1"]
[SourceVersionDate "2010.11.25"]
[SourceQuality "1"]

1. d4 d5 2. Nf3 Nf6 3. g3 Bf5 4. c4 c6 5. Nc3 e6 6. Qb3 Qb6 7. c5 Qc7 8. Bf4 Qc8 9. Bg2 Nbd7 10. 0-0 Be7 11. Rfc1 0-0 12. a4 b6 13. cxb6 axb6 14. Nb5 Qb7 15. Nd6 Bxd6 16. Bxd6 Rfc8 17. Nd2 Ra6 18. Bf1 Ra7 19. e3 Qa8 20. Ra3 Ne8 21. Bf4 h6 22. h4 Kh8 23. Be2 c5 24. g4 Bg6 25. Bf3 cxd4 26. Rxc8 Qxc8 27. exd4 Qc1+ 28. Kg2 Nef6 29. Qc3 Qxc3 30. bxc3 Bc2 31. g5 hxg5 32. hxg5 Ng8 33. c4 Ne7 34. Ra2 Bd3 35. cxd5 Nxd5 36. Bxd5 exd5 37. Ra3 Bb5 38. Rh3+ Kg8 39. axb5 Ra4 40. Rd3 Rb4 41. Rb3 Rxd4 42. Be3 Ra4 43. Rd3 Ne5 44. Rxd5 Ng6 45. Kf3 Ra3 46. Nc4 Rb3 47. Nxb6 Ne7 48. Rd8+ Kh7 49. Nd5 Ng6 50. b6 Ne5+ 51. Ke4 Ng4 52. Rd7 Kg6 53. b7 f5+ 54. gxf6 gxf6 55. Nf4+ Kg5 56. Rg7+ Kh4 57. Rh7+ Kg5 1-0

[Event "Reunion op 09th"]
[Site "Reunion"]
[Date "2007.10.21"]
[Round "9"]
[White "Wantiez, Fabrice"]
[Black "Hoareau, William"]
[Result "1-0"]
[WhiteElo "2300"]
[BlackElo "2027"]
[PlyCount "77"]
[EventDate "2007.10.14"]
[EventType "swiss"]
[EventRounds "9"]
[EventCountry "RUF"]
[SourceTitle "EXT 2012"]
[Source "ChessBase"]
[SourceDate "2011.11.24"]
[SourceVersion "1"]
[SourceVersionDate "2011.11.24"]
[SourceQuality "1"]

1. e4 c5 2. Nc3 Nc6 3. Bb5 g6 4. Bxc6 dxc6 5. d3 e5 6. h3 Nf6 7. Be3 Qe7 8. Qd2 Bg7 9. Nge2 Nd7 10. Bh6 f6 11. Bxg7 Qxg7 12. f4 exf4 13. Qxf4 Ne5 14. 0-0-0 Bd7 15. Rhf1 Rf8 16. Qf2 Qe7 17. d4 cxd4 18. Qxd4 Kf7 19. Ng1 Rfd8 20. Qf2 Kg7 21. Nf3 Nxf3 22. gxf3 Bxh3 23. Rxd8 Qxd8 24. Rh1 Be6 25. Qh2 h5 26. Ne2 Qa5 27. a3 Rd8 28. Nf4 Bf7 29. Rg1 Rh8 30. Nd3 Bc4 31. e5 Bxd3 32. exf6+ Kxf6 33. Qd6+ Kf7 34. Qd7+ Kf6 35. Qxd3 Rg8 36. Qd6+ Kf7 37. Rd1 Qg5+ 38. f4 Qe7 39. Qd4 1-0

[Event "Reunion op 09th"]
[Site "Reunion"]
[Date "2007.10.14"]
[Round "1"]
[White "Semanele, Donald"]
[Black "Hoareau, William"]
[Result "0-1"]
[WhiteElo "1499"]
[BlackElo "2027"]
[PlyCount "62"]
[EventDate "2007.10.14"]
[EventType "swiss"]
[EventRounds "9"]
[EventCountry "RUF"]
[SourceTitle "EXT 2012"]
[Source "ChessBase"]
[SourceDate "2011.11.24"]
[SourceVersion "1"]
[SourceVersionDate "2011.11.24"]
[SourceQuality "1"]

1. e4 c5 2. Nf3 Nc6 3. d4 cxd4 4. Nxd4 g6 5. Be3 Bg7 6. Nc3 Nf6 7. Qd2 Ng4 8. Be2 Nxe3 9. fxe3 0-0 10. 0-0-0 d6 11. Bb5 Bd7 12. Rhf1 a6 13. Bc4 b5 14. Bd5 Rc8 15. Rf3 Nxd4 16. exd4 Bg4 17. Qf4 Bxf3 18. Qxf3 e6 19. Bb3 Qb6 20. Ne2 a5 21. c3 a4 22. Bc2 Rc7 23. Qf4 b4 24. e5 dxe5 25. dxe5 a3 26. cxb4 Rfc8 27. Nd4 Qxb4 28. b3 Rxc2+ 29. Nxc2 Qxf4+ 30. Kb1 Qxe5 31. Nd4 Qe4+ 0-1

[Event "FRA-ch U16"]
[Site "Le Grand Bornand"]
[Date "2007.04.12"]
[Round "6"]
[White "Hoareau, William"]
[Black "Magnin, Guillaume"]
[Result "1-0"]
[WhiteElo "2012"]
[BlackElo "1919"]
[PlyCount "105"]
[EventDate "2007.04.07"]
[EventType "swiss"]
[EventRounds "9"]
[EventCountry "FRA"]
[SourceTitle "CBM 118 Extra"]
[Source "ChessBase"]
[SourceDate "2007.07.04"]
[SourceVersion "1"]
[SourceVersionDate "2007.07.04"]
[SourceQuality "1"]

1. d4 Nf6 2. Bg5 c6 3. Bxf6 exf6 4. g3 d5 5. Bg2 g6 6. e3 Bg7 7. Ne2 Bf5 8. Nd2 Qe7 9. 0-0 0-0 10. c4 dxc4 11. Nxc4 Be4 12. Bxe4 Qxe4 13. b4 Qe6 14. Qb3 b6 15. Rfc1 g5 16. Nd2 Rc8 17. d5 cxd5 18. Rxc8+ Qxc8 19. Qxd5 Nd7 20. Nd4 Ne5 21. N2b3 Qe8 22. Rc1 Rc8 23. Rxc8 Qxc8 24. b5 h5 25. f4 Ng4 26. Nc6 Qe8 27. e4 gxf4 28. gxf4 f5 29. e5 Bh6 30. Qf3 Bg7 31. h3 Nh6 32. Qd5 Kh8 33. Qd8 Qg8 34. Qxg8+ Nxg8 35. Kf2 Bf8 36. Nxa7 Ne7 37. Nd4 Nd5 38. Kf3 Nc3 39. Nxf5 Nxa2 40. Nd6 Kg8 41. Nac8 Nc3 42. Nxb6 f6 43. Nbc8 Nd5 44. b6 Nb4 45. exf6 Kh7 46. Ne7 Na6 47. b7 Nb8 48. Ke4 Nd7 49. Kf5 Nb8 50. Ke6 Bh6 51. f7 Bf8 52. f5 h4 53. Ng6 1-0

[Event "Reunion op 08th"]
[Site "Etang Sale"]
[Date "2006.10.19"]
[Round "6"]
[White "Gretry, Patrice"]
[Black "Hoareau, William"]
[Result "0-1"]
[WhiteElo "2062"]
[BlackElo "1897"]
[PlyCount "86"]
[EventDate "2006.10.14"]
[EventType "swiss"]
[EventRounds "9"]
[EventCountry "FRA"]
[SourceTitle "EXT 2007"]
[Source "ChessBase"]
[SourceDate "2006.11.23"]
[SourceVersion "1"]
[SourceVersionDate "2006.11.23"]
[SourceQuality "1"]

1. e4 c5 2. Nf3 Nc6 3. d4 cxd4 4. Nxd4 g6 5. Nc3 Bg7 6. Be3 Nf6 7. Bc4 0-0 8. Bb3 a5 9. 0-0 a4 10. Nxc6 bxc6 11. Nxa4 Nxe4 12. Nb6 Rb8 13. Nxc8 Qxc8 14. c3 d5 15. f3 Nd6 16. Bc5 Qc7 17. Re1 Rfe8 18. Qd2 e5 19. Rad1 Nb7 20. Qf2 Nxc5 21. Qxc5 Qb6 22. Qxb6 Rxb6 23. Re2 Kf8 24. Kf2 f5 25. g3 Rb7 26. Ba4 Rc7 27. b4 e4 28. Rc1 Rd8 29. fxe4 fxe4 30. c4 Bh6 31. Rcc2 e3+ 32. Rxe3 Bxe3+ 33. Kxe3 d4+ 34. Kd3 c5 35. bxc5 Rxc5 36. Bb5 Re5 37. Rf2+ Ke7 38. Bc6 Re3+ 39. Kd2 Ra3 40. Kd1 Kd6 41. Bd5 Kc5 42. Rb2 d3 43. Kd2 Kd4 0-1

[Event "Reunion op 08th"]
[Site "Etang Sale"]
[Date "2006.10.18"]
[Round "5"]
[White "Hoareau, William"]
[Black "Seegolam, Pradeep"]
[Result "1-0"]
[WhiteElo "1897"]
[BlackElo "2109"]
[PlyCount "79"]
[EventDate "2006.10.14"]
[EventType "swiss"]
[EventRounds "9"]
[EventCountry "FRA"]
[SourceTitle "EXT 2007"]
[Source "ChessBase"]
[SourceDate "2006.11.23"]
[SourceVersion "1"]
[SourceVersionDate "2006.11.23"]
[SourceQuality "1"]

1. d4 Nf6 2. Bg5 c5 3. c3 cxd4 4. cxd4 Qa5+ 5. Qd2 Qxd2+ 6. Nxd2 Nd5 7. Rc1 Nc6 8. e4 Nb6 9. d5 Nd8 10. Be3 e6 11. Bxb6 axb6 12. a3 Bc5 13. b4 Bd4 14. Nc4 0-0 15. Nf3 exd5 16. exd5 b5 17. Nd6 Bb2 18. Rxc8 Rxa3 19. Kd2 Ra4 20. Bxb5 Rxb4 21. Rc4 Ba3 22. Ra1 Rxc4 23. Nxc4 Bb4+ 24. Kd3 d6 25. Nd4 g6 26. Ra8 Kg7 27. Nb6 Rh8 28. f4 Bc5 29. Na4 Bb4 30. Nc2 Bc5 31. Nxc5 dxc5 32. Rc8 Kf6 33. Rxc5 Ke7 34. Ne3 f5 35. Kd4 Kf6 36. Rc7 h6 37. Bd3 h5 38. h4 Re8 39. Nc4 Re1 40. Ne5 1-0

[Event "Reunion-ch"]
[Site "Reunion"]
[Date "2006.02.26"]
[Round "8"]
[White "Roblet, Charles"]
[Black "Hoareau, William"]
[Result "1/2-1/2"]
[WhiteElo "2119"]
[BlackElo "1818"]
[PlyCount "137"]
[EventDate "2005.11.26"]
[EventType "swiss"]
[EventRounds "9"]
[EventCountry "RUF"]
[SourceTitle "EXT 2008"]
[Source "ChessBase"]
[SourceDate "2007.11.25"]
[SourceVersion "1"]
[SourceVersionDate "2007.11.25"]
[SourceQuality "1"]

1. e4 c5 2. d4 cxd4 3. c3 dxc3 4. Nxc3 Nc6 5. Nf3 d6 6. Bc4 a6 7. 0-0 Nf6 8. Qe2 Bg4 9. h3 Bxf3 10. Qxf3 Ne5 11. Qe2 Nxc4 12. Qxc4 Rc8 13. Qb3 Qc7 14. Bg5 e6 15. Rac1 Qb8 16. Bxf6 gxf6 17. f4 Bh6 18. Rcd1 b5 19. e5 dxe5 20. Ne4 exf4 21. Qb4 Bg5 22. Nd6+ Kf8 23. Nxc8+ Kg7 24. Nd6 f5 25. Qd4+ Kg6 26. h4 Bxh4 27. Qxf4 Bg5 28. Qg3 Rd8 29. Kh1 h5 30. Rd3 h4 31. Qh2 f4 32. Rfd1 f5 33. Qh3 Be7 34. Nxf5 exf5 35. Qf3 Rxd3 36. Qxd3 Qe5 37. Qc3 Qxc3 38. bxc3 a5 39. Rd5 Bf6 40. Rxb5 Bxc3 41. Kg1 f3 42. gxf3 Kg5 43. Kg2 Kf4 44. Rc5 Bb4 45. Rc4+ Kg5 46. Kh3 Be1 47. f4+ Kf6 48. Rc6+ Ke7 49. a4 Kf7 50. Kg2 Kg7 51. Kf3 Kf7 52. Ke3 Kg7 53. Kd4 h3 54. Rc2 Bg3 55. Ke5 h2 56. Rc1 Bf2 57. Rh1 Bg1 58. Kxf5 Kf7 59. Kg5 Kg7 60. f5 Kf7 61. f6 Kf8 62. Kg6 Kg8 63. Kf5 Kf7 64. Ke5 Bb6 65. Rb1 Bg1 66. Rb7+ Kg6 67. Rg7+ Kh6 68. Rg8 Kh7 69. f7 1/2-1/2

[Event "Reunion-ch"]
[Site "Reunion"]
[Date "2006.02.05"]
[Round "5"]
[White "Francois, Gerard"]
[Black "Hoareau, William"]
[Result "0-1"]
[WhiteElo "1880"]
[BlackElo "1818"]
[PlyCount "64"]
[EventDate "2005.11.26"]
[EventType "swiss"]
[EventRounds "9"]
[EventCountry "RUF"]
[SourceTitle "EXT 2008"]
[Source "ChessBase"]
[SourceDate "2007.11.25"]
[SourceVersion "1"]
[SourceVersionDate "2007.11.25"]
[SourceQuality "1"]

1. Nf3 Nf6 2. c4 e6 3. g3 b6 4. Bg2 Bb7 5. 0-0 c5 6. b3 d5 7. e3 Nc6 8. Bb2 Be7 9. Qe2 0-0 10. Rd1 d4 11. exd4 Nxd4 12. Nxd4 Bxg2 13. Nxe6 Bf3 14. Qxf3 fxe6 15. d4 Qc7 16. Qe2 Rae8 17. Qxe6+ Kh8 18. d5 Bd6 19. Qh3 Ne4 20. Rf1 Be5 21. Bxe5 Qxe5 22. Na3 Rxf2 23. Rad1 Qb2 24. Rfe1 h6 25. Nb5 Ng5 26. Rxe8+ Kh7 27. Qh5 Nf3+ 28. Qxf3 Rxf3 29. Rf1 Rd3 30. Re7 Rd2 31. Rff7 Rd1+ 32. Rf1 Rxf1+ 0-1

[Event "Reunion-ch"]
[Site "Reunion"]
[Date "2006.02.05"]
[Round "6"]
[White "Hoareau, William"]
[Black "Faustin, Patrice"]
[Result "1-0"]
[WhiteElo "1818"]
[BlackElo "1700"]
[PlyCount "119"]
[EventDate "2005.11.26"]
[EventType "swiss"]
[EventRounds "9"]
[EventCountry "RUF"]
[SourceTitle "EXT 2008"]
[Source "ChessBase"]
[SourceDate "2007.11.25"]
[SourceVersion "1"]
[SourceVersionDate "2007.11.25"]
[SourceQuality "1"]

1. d4 d5 2. c4 e6 3. Nc3 Nf6 4. Bg5 Be7 5. cxd5 exd5 6. e3 Bf5 7. Qb3 Nbd7 8. Bxf6 Nxf6 9. Qb5+ Bd7 10. Qxb7 Rb8 11. Qa6 Rxb2 12. Qd3 Bb4 13. Nge2 Ne4 14. Rc1 Qb8 15. f3 Bb5 16. Qd1 Bxe2 17. Qa4+ Ke7 18. fxe4 Bxf1 19. Rxf1 Rxg2 20. exd5 Re8 21. Qd1 f6 22. Qd3 Kf8 23. Rf2 Rg1+ 24. Kd2 Rxc1 25. Kxc1 Bxc3 26. Qxc3 Qb7 27. Qc5+ Kf7 28. Rc2 Re7 29. Kd2 Qb6 30. Kd3 Qa6+ 31. Qc4 Qa3+ 32. Rc3 Qd6 33. Qb3 Qb6 34. Rc6 Qxb3+ 35. axb3 g5 36. Ra6 h5 37. Rxa7 g4 38. b4 Ke8 39. b5 Kd8 40. Ra8+ Kd7 41. Rh8 f5 42. Rxh5 Rf7 43. Kc4 Rf6 44. Kc5 Kc8 45. Rh7 Kb8 46. Re7 Rh6 47. Rf7 Rxh2 48. Rxf5 Re2 49. Rg5 Rxe3 50. Rxg4 Rc3+ 51. Kb4 Rc1 52. d6 cxd6 53. Rg7 Kc8 54. b6 Rb1+ 55. Ka5 Rd1 56. b7+ Kb8 57. Kb6 Rb1+ 58. Kc6 d5 59. Rg8+ Ka7 60. Ra8# 1-0

[Event "Sainte Marie op"]
[Site "Sainte Marie"]
[Date "2005.10.23"]
[Round "9"]
[White "Hoareau, William"]
[Black "Ane, Regis"]
[Result "0-1"]
[WhiteElo "1818"]
[BlackElo "2022"]
[PlyCount "88"]
[EventDate "2005.10.15"]
[EventType "swiss"]
[EventRounds "9"]
[EventCountry "FRA"]
[SourceTitle "EXT 2006"]
[Source "ChessBase"]
[SourceDate "2005.11.24"]
[SourceVersion "1"]
[SourceVersionDate "2005.11.24"]
[SourceQuality "1"]

1. d4 Nf6 2. Bg5 Ne4 3. Bf4 g6 4. f3 Nf6 5. e4 d6 6. Bc4 Bg7 7. Qd2 c6 8. Nc3 b5 9. Bb3 Nbd7 10. e5 dxe5 11. dxe5 Nh5 12. Rd1 e6 13. Bg5 Qc7 14. Qd6 Qxd6 15. exd6 0-0 16. Be7 Re8 17. Nge2 Bf6 18. Bxf6 Nhxf6 19. Ne4 Bb7 20. Nd4 Kg7 21. 0-0 e5 22. Nxf6 Kxf6 23. Ne2 c5 24. Bd5 Bxd5 25. Rxd5 Ke6 26. Rfd1 f5 27. Nc3 a6 28. Kf2 Rac8 29. a4 b4 30. Ne2 Rc6 31. c3 Nb6 32. R5d2 Nc4 33. d7 Rd8 34. Rd5 Nxb2 35. R1d2 Nc4 36. Rd1 Rd6 37. Rxd6+ Nxd6 38. cxb4 cxb4 39. a5 Rxd7 40. Rb1 Rb7 41. Ke3 Nc4+ 42. Kd3 Nxa5 43. g4 Rd7+ 44. Kc2 Nc6 0-1

[Event "Sainte Marie op"]
[Site "Sainte Marie"]
[Date "2005.10.20"]
[Round "6"]
[White "Fontaine, Willy"]
[Black "Hoareau, William"]
[Result "0-1"]
[WhiteElo "1560"]
[BlackElo "1818"]
[PlyCount "58"]
[EventDate "2005.10.15"]
[EventType "swiss"]
[EventRounds "9"]
[EventCountry "FRA"]
[SourceTitle "EXT 2006"]
[Source "ChessBase"]
[SourceDate "2005.11.24"]
[SourceVersion "1"]
[SourceVersionDate "2005.11.24"]
[SourceQuality "1"]

1. e4 c5 2. Nf3 Nc6 3. c3 d5 4. e5 Bg4 5. h3 Bxf3 6. Qxf3 Nxe5 7. Bb5+ Nc6 8. 0-0 e6 9. d3 Nf6 10. Bg5 Be7 11. Bxc6+ bxc6 12. Re1 Qb6 13. b3 a5 14. Nd2 0-0 15. h4 h6 16. Bf4 Qd8 17. Be5 Nd7 18. h5 Nxe5 19. Rxe5 Bf6 20. Re3 Bxc3 21. Rd1 Bxd2 22. Rxd2 a4 23. bxa4 Rxa4 24. Qg3 Qa5 25. Qe5 Qxd2 26. Rg3 Qd1+ 27. Kh2 Rh4+ 28. Rh3 Rxh3+ 29. Kxh3 Qxd3+ 0-1

[Event "FRA-ch U14"]
[Site "Calvi"]
[Date "2005.04.17"]
[Round "1"]
[White "Nahed, Yann"]
[Black "Hoareau, William"]
[Result "1-0"]
[WhiteElo "2031"]
[BlackElo "1750"]
[PlyCount "108"]
[EventDate "2005.04.??"]
[EventType "swiss"]
[EventRounds "9"]
[EventCountry "FRA"]
[SourceTitle "EXT 2006"]
[Source "ChessBase"]
[SourceDate "2005.11.24"]
[SourceVersion "1"]
[SourceVersionDate "2005.11.24"]
[SourceQuality "1"]

1. e4 e5 2. Nf3 Nc6 3. Bb5 a6 4. Ba4 Nf6 5. d4 exd4 6. 0-0 Be7 7. e5 Nd5 8. Nxd4 Nxd4 9. Qxd4 Nb6 10. Bb3 0-0 11. Bf4 Kh8 12. Nd2 f6 13. Ne4 f5 14. Ng3 d6 15. exd6 Bf6 16. Qb4 cxd6 17. Bxd6 a5 18. Qc5 Nd7 19. Qa3 f4 20. Nh5 Re8 21. Bf7 Re4 22. Qf3 Rd4 23. Rfe1 Ra6 24. Re8+ Qxe8 25. Bxe8 Raxd6 26. Bxd7 Bxd7 27. Re1 Re6 28. Rxe6 Bxe6 29. Qe2 Bd7 30. Nxf6 gxf6 31. h3 Kg7 32. c3 Rd5 33. Qe7+ Kg6 34. Qe4+ Rf5 35. Qxb7 Be6 36. a4 Bd5 37. Qc7 Rg5 38. Qxf4 Rxg2+ 39. Kf1 Rg5 40. h4 Re5 41. b4 axb4 42. cxb4 Re4 43. h5+ Kg7 44. Qd2 Bc4+ 45. Kg2 Rg4+ 46. Kf3 Rg5 47. Qd7+ Kh6 48. b5 Re5 49. Qd2+ Kxh5 50. b6 Bd5+ 51. Kf4 Kg6 52. Qd3+ Kg7 53. a5 h5 54. a6 Rg5 1-0